Literature - European | 0 | 2 | 0 | 0 | 20 | 96 | 106.50 | 0 | 0 |
Social Science - Linguistics | 1 | 0 | 0 | 0 | 15 | 46 | 46.00 | 0 | 0 |
History - Cross, Historiography, and Miscellaneous | 0 | 1 | 0 | 0 | 10 | 96 | 96.00 | 0 | 0 |
History - European | 0 | 1 | 0 | 0 | 10 | 94 | 94.00 | 0 | 0 |
History - World | 0 | 1 | 0 | 0 | 10 | 123 | 123.00 | 0 | 0 |
Social Science - Psychology | 0 | 1 | 0 | 0 | 10 | 71 | 71.00 | 0 | 0 |
Fine Arts - Music | 0 | 1 | 0 | 0 | 10 | 122 | 122.00 | 0 | 0 |
Science - Engineering and Miscellaneous | 0 | 1 | 0 | 0 | 10 | 69 | 69.00 | 0 | 0 |
Science - Physics | 0 | 1 | 0 | 0 | 10 | 105 | 105.00 | 0 | 0 |
Fine Arts - Miscellaneous | 0 | 1 | 0 | 0 | 10 | 116 | 116.00 | 0 | 0 |
RMP - Philosophy | 0 | 1 | 0 | 0 | 10 | 119 | 119.00 | 0 | 0 |
Science - Biology | 0 | 1 | 0 | 0 | 10 | 124 | 124.00 | 0 | 0 |
Science - Chemistry | 0 | 1 | 0 | 0 | 10 | 112 | 112.00 | 0 | 0 |
RMP - Jewish Practice | 0 | 0 | 0 | 0 | 0 | | 0.00 | 0 | 0 |
Fine Arts - Painting | 0 | 0 | 0 | 0 | 0 | | 0.00 | 0 | 0 |
RMP - World Mythology | 0 | 0 | 0 | 0 | 0 | | 0.00 | 0 | 0 |